宝宝自我保护意识培养:我不要身体受伤 : (Record no. 10079)

MARC details
000 -LEADER
fixed length control field 00489nam a22001697a 4500
001 - CONTROL NUMBER
control field 10079
003 - CONTROL NUMBER IDENTIFIER
control field FISKH
005 - DATE AND TIME OF LATEST TRANSACTION
control field 20260403122917.0
008 - FIXED-LENGTH DATA ELEMENTS--GENERAL INFORMATION
fixed length control field 260403b cb ||||| |||| 00| 0 eng d
020 ## - INTERNATIONAL STANDARD BOOK NUMBER
International Standard Book Number 9787557528775
040 ## - CATALOGING SOURCE
Original cataloging agency FISKH
Language of cataloging chi
Transcribing agency FISKH
Modifying agency FISKH
082 ## - DEWEY DECIMAL CLASSIFICATION NUMBER
Classification number 155.412
100 ## - MAIN ENTRY--PERSONAL NAME
Personal name 严欢
245 ## - TITLE STATEMENT
Title 宝宝自我保护意识培养:我不要身体受伤 :
Remainder of title Home safety for baby /
Statement of responsibility, etc. 严欢
300 ## - PHYSICAL DESCRIPTION
Extent 23​ pages :
Other physical details color illustrations ;
Dimensions 23 cm .
942 ## - ADDED ENTRY ELEMENTS (KOHA)
Source of classification or shelving scheme Dewey Decimal Classification
Koha item type Chinese Book
Suppress in OPAC No
Holdings
Withdrawn status Lost status Source of classification or shelving scheme Damaged status Not for loan Collection Home library Current library Shelving location Date acquired Total Checkouts Full call number Barcode Date last seen Price effective from Koha item type
    Dewey Decimal Classification     Reference Footprints International School Library Network Toul Tom Poung Campus Footprints International School Library Network Toul Tom Poung Campus Librarian's Shelf TTP 04/03/2026   严欢 155.412 2026-0457 04/03/2026 04/03/2026 Chinese Book